Estrategias empresariales en tiempos de cambio (Registro nro. 2623)

Detalles MARC
000 -LEADER
fixed length control field 01234 a2200253 4500
001 - CONTROL NUMBER
control field 36174
005 - DATE AND TIME OF LATEST TRANSACTION
control field 20260407155638.0
008 - FIXED-LENGTH DATA ELEMENTS--GENERAL INFORMATION
fixed length control field 260407a1998 arg spa d
003 - CONTROL NUMBER IDENTIFIER
control field AR-UNSa-BCEJYS
040 ## - CATALOGING SOURCE
Original cataloging agency AR-UNSa-BCEJYS
Language of cataloging spa
Transcribing agency AR-UNSa-BCEJYS
080 ## - UNIVERSAL DECIMAL CLASSIFICATION NUMBER
Universal Decimal Classification number 658.012.2
Common auxiliary subdivision Planificación. Programas. Planes. Medidas de apoyo a la planificación( Administración estratégica...)
020 ## - INTERNATIONAL STANDARD BOOK NUMBER
International Standard Book Number 987-9173-26-0
100 1# - MAIN ENTRY--PERSONAL NAME
Personal name Kosacoff, Bernardo
245 10 - TITLE STATEMENT
Title Estrategias empresariales en tiempos de cambio
Name of part/section of a work El desempeño industrial frente a nuevas incertidumbres
264 #1 - PRODUCTION, PUBLICATION, DISTRIBUTION, MANUFACTURE, AND COPYRIGHT NOTICE
Place of production, publication, distribution, manufacture Buenos Aires :
Name of producer, publisher, distributor, manufacturer Universidad Nacional de Quilmes
Date of production, publication, distribution, manufacture, or copyright notice 1998
300 ## - PHYSICAL DESCRIPTION
Extent 211 p.
Dimensions 20 cm.
505 ## - FORMATTED CONTENTS NOTE
Formatted contents note 1. Presentación - 2. Estrategias empresariales y ajuste industrial - 3. Apertura y estrategicas de las empresas, transnacionales en la industria argentina- 3. Lineas conceptuales ante evidencias microeconómicas de cambio estructural - 4. Consideraciones económicas sobre la política industial.
590 ## - LOCAL NOTE (RLIN)
Local note niveau_biblio:m niveau_hierar:0
700 1# - ADDED ENTRY--PERSONAL NAME
Personal name Dal Bó, Ernesto
700 1# - ADDED ENTRY--PERSONAL NAME
Personal name Porta, Fernando
700 1# - ADDED ENTRY--PERSONAL NAME
Personal name Ramos, Adrián
856 41 - ELECTRONIC LOCATION AND ACCESS
Uniform Resource Identifier <a href="https://biblioeco.unsa.edu.ar/pmb/images/libros/L85660.jpg">https://biblioeco.unsa.edu.ar/pmb/images/libros/L85660.jpg</a>
Link text Imagen de portada
Electronic format type image/jpeg
942 ## - ADDED ENTRY ELEMENTS (KOHA)
Koha item type
Existencias
Withdrawn status Lost status Damaged status Not for loan Home library Current library Shelving location Date acquired Total checkouts Full call number Barcode Date last seen Price effective from Koha item type
        Biblioteca Prof. Eusebio Cleto del Rey Biblioteca Prof. Eusebio Cleto del Rey   07/04/2026   658.012.2 K86 L85660 07/04/2026 07/04/2026 Libro